History - World | 1 | 7 | 0 | 0 | 85 | 17 | 100.25 | 0 | 0 |
History - Cross, Historiography, and Miscellaneous | 0 | 6 | 0 | 0 | 60 | 68 | 105.83 | 0 | 0 |
History - European | 0 | 5 | 0 | 0 | 50 | 73 | 91.80 | 0 | 0 |
Science - Physics | 0 | 4 | 0 | 0 | 40 | 71 | 97.00 | 0 | 0 |
Science - Chemistry | 0 | 3 | 0 | 0 | 30 | 75 | 96.67 | 0 | 0 |
Science - Biology | 1 | 1 | 0 | 0 | 25 | 61 | 93.00 | 0 | 0 |
RMP - Islam | 0 | 2 | 0 | 0 | 20 | 107 | 112.00 | 0 | 0 |
History - American | 0 | 2 | 0 | 0 | 20 | 75 | 95.00 | 0 | 0 |
Geography - World | 1 | 0 | 0 | 0 | 15 | 33 | 33.00 | 0 | 0 |
Social Science - Other | 0 | 1 | 0 | 0 | 10 | 121 | 121.00 | 0 | 0 |
Current Events - World | 0 | 1 | 0 | 0 | 10 | 119 | 119.00 | 0 | 0 |
RMP - Christian Practice | 0 | 1 | 0 | 0 | 10 | 96 | 96.00 | 0 | 0 |
RMP - Other Religion | 0 | 1 | 0 | 0 | 10 | 88 | 88.00 | 0 | 0 |
Current Events - U.S. | 0 | 1 | 0 | 0 | 10 | 74 | 74.00 | 0 | 0 |
Social Science - Economics | 0 | 1 | 0 | 0 | 10 | 69 | 69.00 | 0 | 0 |
Other - Other Academic and General Knowledge | 0 | 0 | 0 | 0 | 0 | | 0.00 | 0 | 0 |